Quizzes
Events
Quiz Creation
Community
Videos
Private Events
Remove Ads
Sign In
Join for FREE
Feedback
Dark Mode
Quiz Categories
Sports
Geography
Music
Movies
Television
Just For Fun
Miscellaneous
History
Literature
Language
Science
Gaming
Entertainment
Religion
Holiday
For Kids
Quiz Lab
Recent
Popular Today
Quiz Kudos Today
Editor Picks
Curator Picks
Quizzes by...
Day
Popularity
Type
Ratings
Length
Year
Community
Subscriptions
Recent Discussions
Orange Saloon
Badges
Playlists
Quests
Create
Leaderboards
Showdown
Live 5
Trivia Bingo
Activity
Puzzle Library
Sporcle Events
Private Events
Virtual Trivia
Globe League
Become a Host
Pub Owners
SporcleCon
Opinionation
Our Games
Videos
Blog
Mobile Apps
Partnerships
Remove Ads and Go Orange
Feedback
Sports
Athletes
MLB
NBA
NHL
NFL
Soccer
Sports Teams
WWE
NCAA
Football
Premier League
Basketball
Baseball
Hockey
Golf
Tennis
Cricket
Rugby
Auto Racing
Olympics
World Cup
Sports
Athletes
MLB
NBA
NHL
NFL
Soccer
Sports Teams
WWE
NCAA
Football
Premier League
Basketball
Baseball
Hockey
Golf
Tennis
Cricket
Rugby
Auto Racing
Olympics
World Cup
Random Quiz
Search Sporcle
×
Quiz Lab
Quiz Lab
Sports
Board Games
Type in answers that appear in a list
Type in answers that appear in a list
Classic
Best Score? Go Orange.
Game 6, 1975 World Series Stats
Can you name the Game 6, 1975 World Series?
By
davidhwillis
3m
23 Questions
150 Plays
150 Plays
150 Plays
Comments
Comments
Give Quiz Kudos
Give Quiz Kudos
-
- Ratings
hide this ad
More Info
Forced Order
Answers have to be entered in order
Answers have to be entered in order
Replay
Link that replays current quiz
Next Quiz
Link to next quiz in quiz playlist
You Got
0%
They Got
Avg Score
51%
Avg Friend Score
Upgrade to see
Score Distribution
Jump to the score distribution portion of the page
Score
0/23
Timer
03:00
0
Plays Today
Question
Answer
% Correct
Who was the losing team?
Cincinnati Reds
99.3%
Who was the winning team?
Red Sox
98%
Who hit the game winning home run?
Carlton Fisk
95.3%
In what inning was the game winning run scored?
12th
94%
Who started for the home team?
Luis Tiant
66.7%
Whose pinch hit 3-
run homer in the bottom of the 8th tied the game?
Bernie Carbo
66%
How many pitchers in total were used by both teams?
12
63.3%
Whose 3-
run home run in the first inning gave the home team an early lead?
Fred Lynn
60%
Whose triple keyed a 3-
run rally by the visitors in the 5th?
Ken Griffey
58%
Whose double put the visitors ahead by 2 in the 7th?
George Foster
52.7%
Who made a game saving catch in the outfield in the 11th?
Dwight Evans
50%
Who was the outfielder who threw out the runner in the 9th?
George Foster
47.3%
Question
Answer
% Correct
Who hit the ball that the above player caught in the 11th?
Joe Morgan
44%
Who was the losing pitcher?
Pat Darcy
39.3%
Whose homer in the top of the 8th made it 6-
3?
Cesar Geronimo
38%
Who commented to the opposing catcher that this was 'some kind of game?'
Pete Rose
34.7%
Who started for the visiting team?
Gary Nolan
34%
Who was the 3rd base coach who sent the runner in the 9th?
Don Zimmer
34%
Who was thrown out at the plate in the bottom of the 9th inning?
Denny Doyle
32%
Who was doubled off first base after the game saving catch?
Ken Griffey
30.7%
Who was the winning pitcher?
Rick Wise
17.3%
Who replaced the home starting pitcher?
Roger Moret
13.3%
Who alertly covered first base to take the throw that doubled off the above runner?
Rick Burleson
13.3%
Quiz Playlist
Details
Report
Send in Message
Add To Playlist
More Info:
See how much you know about what was arguably the greatest baseball game ever played.
Classic:
Type in answers that appear in a list
Forced Order:
Answers have to be entered in order
Quiz Source
Last Updated: Feb 16, 2017
Quiz Scoreboard
CHALLENGE
Sign Up to Join the Scoreboard
Show All
Scores
Hide
Comments
May contain spoilers
Recently Published
Click the 1999 NBA Draft
by nibperrychub
Sports
2m
Alphabetical 'K' Countries by Flag Minefield
by ylime102
Geography
3m
Pick 6: Fruits
by JohnFran
Miscellaneous
15s
More to Explore
Quiz From the Vault
Featured Blog Post
15 Basketball Trivia Facts You Can Be March Mad About
hide this ad
You Might Also Like...
Tags
Board Games Quiz
World Quiz
1975
Today's Top Quizzes in Sports
Browse Sports
hide this ad
Today's Top Quizzes in Board Games
Browse Board Games
Top Contributed Quizzes in Sports
1
Don't Strike Out: 3000 Strikeouts
2
MLB 2 truths and a lie: Hall of Fame pitchers
3
Pick 6: NFL Teams
4
Criteria MLB: Left Handed Sluggers
5
MLB Players with Two .350 Batting Average Seasons
6
2022 World Cup Stars
7
Les joueurs à 100 buts en Ligue 1 Uber Eats
8
Millionaire: NBA Finals Edition
9
Pick 6: Minor League Baseball
10
Last 10 Members of the 500 HR Club in Order
Explore More
Trending Topics
NBA
Anime
Crossword
Marvel
Kpop
Harry Potter
Disney
Song
Puzzle
WWE
Soccer
Country
Pokémon
The Office
NFL
hide this ad
More By:
davidhwillis
Quiz
Plays
Rating
Category
Featured
Created
Boston Red Sox Opening Day Starting Pitchers
26,564
4.45
Sports
Dec 14, 2009
Red Sox Batting Titles
497
5.00
Sports
Dec 18, 2009
Baseball in the 1950s
155
1.00
Sports
Dec 20, 2009
Game 6, 1975 World Series
150
5.00
Sports
Dec 14, 2009
Red Sox Managers
114
5.00
Sports
Dec 18, 2009
Go to Creator's Profile
Score Distribution
Quiz Creator Spotlight
davidhwillis
Follow
Send a Message
Quizzes Created
-
Created Quiz Play Count
-
More By This Creator
Popular Quizzes Today
1
Find the US States - No Outlines Minefield
2
Countries of Asia Without Outlines Minefield
3
Pick 6: Fruits
4
The Countries of the World
5
Alphabetical 'K' Countries by Flag Minefield
6
Click the 1999 NBA Draft
7
Find the US States
8
Match the Book to the Film X
More Sports Quizzes
NCAA Basketball March Madness no Wins
Curator's Pick
Trending Quizzes
Pick 6: Harry Potter
Pick 6: Mountains
Pick 6: NFL Teams
Pick 6: Movie Franchises
Pick 6: Golfers
Recently Updated
Women's Final Four Teams by Year
bhenderson79
Presidents Quartet II
eogle
Anything But Clue(do)
eogle
Anything But Oceanian Capitals
eogle
Anything But 7
eogle
Anything But Thing
eogle
Word Ladder: February 29
pecheneg
Song Title Questions
pecheneg
Women's NCAA Tournament #1 Seeds
pecheneg
Celebrity Mug Shots
pecheneg
Trending Topics
Kpop
NBA
Crossword
Anime
Disney
Marvel
Harry Potter
The Office
NFL
Soccer
Song
Country
WWE
Puzzle
Pokémon
Your Account Isn't Verified!
In order to create a playlist on Sporcle, you need to verify the email address you used during registration. Go to your
Sporcle Settings
to finish the process.
Report this User
Report this user for behavior that violates our
Community Guidelines
.
Details:
Send Report
Go to the Sporcle.com Mobile Site →
Comments